|
|
|
|
| LEADER |
00000cam a2200000 7i4500 |
| 001 |
0000313477 |
| 005 |
20241025161149.0 |
| 006 |
### ### |
| 007 |
|
| 008 |
240202s2021 my # ### |
| 020 |
|
|
|a 9789838221337
|
| 040 |
|
|
|a MBPJ
|b eng
|c MBPJ
|e rda
|
| 090 |
0 |
0 |
|a F
|b HAN
|
| 100 |
0 |
|
|a Hannah Serres ,
|e author
|
| 245 |
1 |
0 |
|a HIRARI DI DALAM KOTAK PERAK
|c HANNAH SERRES
|
| 264 |
|
1 |
|a Batu Caves, Selangor :
|b Sykt Fajar
|c 2021
|
| 300 |
|
|
|a 563 pages ;
|c 19 cm.
|
| 336 |
|
|
|a text
|2 rdacontent
|
| 337 |
|
|
|a unmediated
|2 rdamedia
|
| 338 |
|
|
|a volume
|2 rdacarrier
|
| 650 |
|
0 |
|a Malay fiction
|
| 999 |
|
|
|a 00407737
|b BUKU
|c PINJAMAN
|e PERPUSTAKAAN KOMUNITI PETALING JAYA
|
| 999 |
|
|
|a 00407738
|b BUKU
|c PINJAMAN
|e PERPUSTAKAAN KOMUNITI CAW KOTA DAMANSARA
|